| 000 | 00461nam a22001337a 4500 | ||
|---|---|---|---|
| 082 |
_a625.7 _bPUN _cD |
||
| 100 |
_aGovt of Punjab _943573 |
||
| 245 |
_aPunjab public works department buildings and roads branch schedule of rates _cGovt of Punjab |
||
| 260 |
_aLahore _bThe superintendent, Government printing punjab _c1954 |
||
| 300 |
_avarious pages _bill.; _c26cm. |
||
| 526 |
_a0 _b0 _c0 _d625_700000000000000_PUN |
||
| 650 |
_aNUST / MCE _926909 |
||
| 942 |
_2ddc _cBK |
||
| 999 |
_c547368 _d547368 |
||